000 00446ntaaa2200181 4500
003 01
005 20251027201647.0
008 0714s1973 ag 01
040 _aAR-BaBN
_bspa
_cAR-BaBN
_eaacr
_dRIC
082 _a232.8000 P19
100 _aPannenberg, Wolfhart
_93927
245 _aJesus-God and man
250 _a1 ed.
260 _aPhiladelphia :
_bWestminster Press,
_cc1968
300 _a415 p
650 _acristologĂ­a
_91723
942 _cBK
999 _c11330
_d11330